000 00564nam a2200169 i 4500
001 152577
003 ES-MaACL
005 20230906204813.0
008 051018m18801900fr | |||||||| ||fre d
040 _aCAM
_bspa
_cCAM
100 1 _aBouvier, Alexis.
_931080
245 1 3 _aLa grande Iza /
_cpar Alexis Bouvier.
260 _aParis :
_bJules Rouff éditeur,
_c[s.a.] (
_fTyp. Collombon et Brùle)
300 _a698 p. ;
_c19 cm.
596 _aProbablemente impreso entre 1880 y 1900.
852 _aES-MaACL
_jF-9044
_z-- Enc. hol.
_z-- Legado de Gustavo Saenz Diez
999 _c152577
_d152577